Happy Birthday Quiz - Statistics

General Stats
  • This quiz has been taken 25 times
  • The average score is 8 of 15
Answer Stats
Hint Answer % Correct
A period of the day when drinks are sold at reduced prices in a bar or restaurant. Happy hour
100%
The use of methods or devices to prevent pregnancy. Birth control
86%
The natural father or mother of a child. Typically used in the context of adoption. Birth parent
86%
System for uniformly advancing clocks, so as to extend light hours during conventional waking time in the summer. Daylight Savings Time
76%
An event observed in the US and Canada to predict how much longer winter will last based on whether or not a rodent sees its shadow. Groundhog Day
67%
A vaginal delivery with little or no medical intervention, usually refers to the lack of an epidural. Natural birth
67%
A series of pleasant thoughts that distract one's attention from the present. Daydream
57%
The number of live births per thousand of population per year. Birth rate
52%
An extended period of leisure and recreation, especially one spent away from home or in traveling; a vacation. Holiday
52%
A mental or physical sanctuary, such as a tranquil memory or serene setting, that acts as a retreat to diminish stress and promote calmness. Happy place
48%
A free 10-day trip to Israel for young Jewish adults aged 18 to 26. Birthright
38%
A satisfactory compromise. Happy medium
38%
Inclined to behave recklessly or having a tendency or desire to shoot a firearm irresponsibly. Trigger-happy
29%
A comfortable, content person. Happy camper
24%
A book by David Nicholls that checks in on two characters every July 15th for two decades. One Day
19%
No matching quizzes found
Score Distribution
Percent of People with Each Score
Percentile by Number Answered
Your Score History
You have not taken this quiz